| 000 | 00865cab a22002175a 4500 | ||
|---|---|---|---|
| 001 | L142942 | ||
| 008 | 080325e20080319xxko f 000 0 eng d | ||
| 035 | _a(Sirsi) u142942 | ||
| 041 | 0 | _aeng | |
| 100 | 1 | _aEtherington, Anthony | |
| 245 | 0 | 0 |
_aSpecification focus _bcladding and curtain walling |
| 260 | _c2008 | ||
| 490 | 0 |
_aContract Journal _v442(6667) 19 March 2008, 20-22(3) |
|
| 520 | _aLooks at the benefits and cost advantages of unitised curtain walling systems; the increase in demand in the cladding and curtain walling markets, with lead times and cost analysis; and the outlook for the stone cladding market. | ||
| 590 | _aKA | ||
| 651 | 4 |
_aUnited Kingdom _y |
|
| 690 | _aBUILT ENVIRONMENT-BUILDING ELEMENTS-COMPLETE BUILDING ELEMENTS-WALLS-EXTERNAL WALLS | ||
| 690 | _aBUILT ENVIRONMENT-BUILDING COSTS | ||
| 700 | 1 | _aGayle, Alan | |
| 942 | _n0 | ||
| 999 |
_c79981 _d79981 |
||